[Event "Villarobledo Online Qualifyer"]
[Site "playchess.com #155672"]
[Date "2009.05.23"]
[Round "7"]
[White "Clocktower"]
[Black "Jebe"]
[Result "1-0"]
[WhiteElo "2063"]
[BlackElo "1975"]
[PlyCount "163"]
[EventDate "2009.05.23"]
[EventType "swiss (blitz)"]

1. e4 {[%emt 0:00:01]} c5 {[%emt 0:00:09]} 2. Nf3 {[%emt 0:00:02]} d6 {[%emt 0:
00:01]} 3. Bb5+ {[%emt 0:00:04]} Nd7 {[%emt 0:00:03]} 4. O-O {[%emt 0:00:02]}
g6 {[%emt 0:00:01]} 5. c3 {[%emt 0:00:02]} Bg7 {[%emt 0:00:02]} 6. d3 {[%emt 0:
00:03]} a6 {[%emt 0:00:01]} 7. Ba4 {[%emt 0:00:02]} b5 {[%emt 0:00:01]} 8. Bc2
{[%emt 0:00:01]} Bb7 {[%emt 0:00:01]} 9. Re1 {[%emt 0:00:04]} e6 {[%emt 0:00:
02]} 10. Nbd2 {[%emt 0:00:03]} Ne7 {[%emt 0:00:02]} 11. Nf1 {[%emt 0:00:01]}
O-O {[%emt 0:00:02]} 12. Be3 {[%emt 0:00:01]} Rc8 {[%emt 0:00:02]} 13. Qd2 {
[%emt 0:00:04]} f5 {[%emt 0:00:01]} 14. Bh6 {[%emt 0:00:03]} e5 {[%emt 0:00:12]
} 15. Bxg7 {[%emt 0:00:03]} Kxg7 {[%emt 0:00:01]} 16. a4 {[%emt 0:00:12]} f4 {
[%emt 0:00:18]} 17. Ng5 {[%emt 0:00:09]} Rf6 {[%emt 0:00:02]} 18. d4 {[%emt 0:
00:02]} h6 {[%emt 0:00:03]} 19. Nf3 {[%emt 0:00:02]} g5 {[%emt 0:00:02]} 20.
dxe5 {[%emt 0:00:04]} dxe5 {[%emt 0:00:02]} 21. Rad1 {[%emt 0:00:07]} Bc6 {
[%emt 0:00:51]} 22. Nxe5 {[%emt 0:00:10]} Nxe5 {[%emt 0:00:01]} 23. Qxd8 {
[%emt 0:00:03]} Rxd8 {[%emt 0:00:00]} 24. Rxd8 {[%emt 0:00:00]} g4 {[%emt 0:00:
03]} 25. axb5 {[%emt 0:00:04]} axb5 {[%emt 0:00:03]} 26. Red1 {[%emt 0:00:08]}
Nf7 {[%emt 0:00:15]} 27. e5 {[%emt 0:00:25]} Re6 {[%emt 0:00:11]} 28. Rb8 {
[%emt 0:00:27]} Rxe5 {[%emt 0:00:04]} 29. Rb6 {[%emt 0:00:11]} Re2 {[%emt 0:00:
10]} 30. Rd2 {[%emt 0:00:04]} Re1 {[%emt 0:00:02]} 31. Rd1 {[%emt 0:00:02]} Re2
{[%emt 0:00:02]} 32. Bd3 {[%emt 0:00:04]} Rxb2 {[%emt 0:00:02]} 33. g3 {[%emt
0:00:10]} fxg3 {[%emt 0:00:03]} 34. Nxg3 {[%emt 0:00:02]} Bf3 {[%emt 0:00:08]}
35. Re1 {[%emt 0:00:03]} Nd5 {[%emt 0:00:03]} 36. Rxb5 {[%emt 0:00:16]} Rd2 {
[%emt 0:00:07]} 37. Bc4 {[%emt 0:00:08]} Nf4 {[%emt 0:00:01]} 38. Ne4 {[%emt 0:
00:13]} Nh3+ {[%emt 0:00:08]} 39. Kf1 {[%emt 0:00:05]} Bxe4 {[%emt 0:00:03]}
40. Rxe4 {[%emt 0:00:03]} Rxf2+ {[%emt 0:00:03]} 41. Ke1 {[%emt 0:00:01]} Nfg5
{[%emt 0:00:03]} 42. Rxg4 {[%emt 0:00:08]} Kf6 {[%emt 0:00:08]} 43. Rxc5 {
[%emt 0:00:10]} Nf3+ {[%emt 0:00:02]} 44. Kd1 {[%emt 0:00:01]} Nhg5 {[%emt 0:
00:09]} 45. Rf4+ {[%emt 0:00:02]} Ke7 {[%emt 0:00:04]} 46. Rcf5 {[%emt 0:00:01]
} Rxh2 {[%emt 0:00:06]} 47. Rxf3 {[%emt 0:00:01]} Nxf3 {[%emt 0:00:01]} 48.
Rxf3 {[%emt 0:00:00]} Kd6 {[%emt 0:00:01]} 49. Be2 {[%emt 0:00:03]} Ke5 {[%emt
0:00:02]} 50. Kd2 {[%emt 0:00:02]} Ke4 {[%emt 0:00:01]} 51. Re3+ {[%emt 0:00:
01]} Kd5 {[%emt 0:00:01]} 52. c4+ {[%emt 0:00:01]} Kc5 {[%emt 0:00:02]} 53.
Re5+ {[%emt 0:00:01]} Kd4 {[%emt 0:00:02]} 54. Rd5+ {[%emt 0:00:01]} Ke4 {
[%emt 0:00:01]} 55. Rh5 {[%emt 0:00:07]} Rf2 {[%emt 0:00:14]} 56. Rxh6 {[%emt
0:00:03]} Kd4 {[%emt 0:00:01]} 57. Rh4+ {[%emt 0:00:01]} Kc5 {[%emt 0:00:01]}
58. Ke3 {[%emt 0:00:01]} Rg2 {[%emt 0:00:01]} 59. Rh5+ {[%emt 0:00:01]} Kb4 {
[%emt 0:00:01]} 60. Rb5+ {[%emt 0:00:00]} Kc3 {[%emt 0:00:01]} 61. Bf3 {[%emt
0:00:02]} Rg1 {[%emt 0:00:02]} 62. Rc5 {[%emt 0:00:01]} Re1+ {[%emt 0:00:02]}
63. Kf2 {[%emt 0:00:01]} Re7 {[%emt 0:00:04]} 64. Bd5 {[%emt 0:00:02]} Kd4 {
[%emt 0:00:03]} 65. Rc6 {[%emt 0:00:02]} Ra7 {[%emt 0:00:02]} 66. Kf3 {[%emt 0:
00:01]} Ra3+ {[%emt 0:00:05]} 67. Kf4 {[%emt 0:00:01]} Rc3 {[%emt 0:00:01]} 68.
Kf5 {[%emt 0:00:02]} Re3 {[%emt 0:00:02]} 69. Re6 {[%emt 0:00:03]} Rc3 {[%emt
0:00:02]} 70. Rc6 {[%emt 0:00:03]} Re3 {[%emt 0:00:02]} 71. Rc8 {[%emt 0:00:01]
} Rc3 {[%emt 0:00:02]} 72. Ke6 {[%emt 0:00:01]} Rh3 {[%emt 0:00:04]} 73. Kd6 {
[%emt 0:00:02]} Rh6+ {[%emt 0:00:01]} 74. Be6 {[%emt 0:00:01]} Rh1 {[%emt 0:00:
19]} 75. c5 {[%emt 0:00:01]} Ra1 {[%emt 0:00:03]} 76. c6 {[%emt 0:00:01]} Ra6 {
[%emt 0:00:03]} 77. Bd7 {[%emt 0:00:08]} Kc4 {[%emt 0:00:03]} 78. Rb8 {[%emt 0:
00:04]} Kd4 {[%emt 0:00:01]} 79. Kc7 {[%emt 0:00:02]} Kc5 {[%emt 0:00:01]} 80.
Rb1 {[%emt 0:00:11]} Ra7+ {[%emt 0:00:02]} 81. Kd8 {[%emt 0:00:05]} Kd6 {[%emt
0:00:03]} 82. c7 {[%emt 0:00:05] Jebe gibt auf} 1-0

[Event "Villarobledo Online Qualifyer"]
[Site "playchess.com #155672"]
[Date "2009.05.23"]
[Round "8"]
[White "Antlew3"]
[Black "DHCA"]
[Result "0-1"]
[WhiteElo "1718"]
[BlackElo "1555"]
[PlyCount "48"]
[EventDate "2009.05.23"]
[EventType "swiss (blitz)"]

1. c4 {[%emt 0:00:08]} Nf6 {[%emt 0:00:02]} 2. b3 {[%emt 0:00:01]} d6 {[%emt 0:
00:01]} 3. Bb2 {[%emt 0:00:01]} g6 {[%emt 0:00:01]} 4. g3 {[%emt 0:00:01]} Bg7
{[%emt 0:00:01]} 5. Bg2 {[%emt 0:00:01]} O-O {[%emt 0:00:01]} 6. e3 {[%emt 0:
00:01]} Nc6 {[%emt 0:00:01]} 7. Ne2 {[%emt 0:00:01]} e5 {[%emt 0:00:01]} 8. O-O
{[%emt 0:00:01]} Be6 {[%emt 0:00:01]} 9. d4 {[%emt 0:00:01]} exd4 {[%emt 0:00:
01]} 10. exd4 {[%emt 0:00:01]} d5 {[%emt 0:00:01]} 11. c5 {[%emt 0:00:04]} Qd7
{[%emt 0:00:07]} 12. Nbc3 {[%emt 0:00:02]} a6 {[%emt 0:00:05]} 13. a4 {[%emt 0:
00:01]} Rad8 {[%emt 0:00:03]} 14. Nf4 {[%emt 0:00:03]} Bh6 {[%emt 0:00:08]} 15.
Nce2 {[%emt 0:00:02]} Rfe8 {[%emt 0:00:09]} 16. Nd3 {[%emt 0:00:04]} Bh3 {
[%emt 0:00:09]} 17. b4 {[%emt 0:00:04]} Bxg2 {[%emt 0:00:03]} 18. Kxg2 {[%emt
0:00:01]} Ne4 {[%emt 0:00:01]} 19. b5 {[%emt 0:00:06]} axb5 {[%emt 0:00:03]}
20. axb5 {[%emt 0:00:01]} Ne7 {[%emt 0:00:02]} 21. Qc2 {[%emt 0:00:05]} Ng5 {
[%emt 0:00:11]} 22. Qb3 {[%emt 0:00:13]} Qh3+ {[%emt 0:00:02]} 23. Kh1 {[%emt
0:00:06]} Nf3 {[%emt 0:00:05]} 24. Nef4 {[%emt 0:00:01]} Qxh2# {[%emt 0:00:02]}
0-1

[Event "Villarobledo Online Qualifyer"]
[Site "playchess.com #155672"]
[Date "2009.05.23"]
[Round "8"]
[White "BigBee"]
[Black "TheMaster15"]
[Result "0-1"]
[WhiteElo "1781"]
[BlackElo "2245"]
[PlyCount "40"]
[EventDate "2009.05.23"]
[EventType "swiss (blitz)"]

1. d4 {[%emt 0:00:01]} d5 {[%emt 0:00:02]} 2. c4 {[%emt 0:00:01]} e5 {[%emt 0:
00:01]} 3. dxe5 {[%emt 0:00:02]} d4 {[%emt 0:00:00]} 4. Nf3 {[%emt 0:00:02]}
Nc6 {[%emt 0:00:01]} 5. g3 {[%emt 0:00:01]} Be6 {[%emt 0:00:02]} 6. Nbd2 {
[%emt 0:00:05]} Nge7 {[%emt 0:00:01]} 7. Bg2 {[%emt 0:00:01]} Ng6 {[%emt 0:00:
01]} 8. O-O {[%emt 0:00:01]} Be7 {[%emt 0:00:01]} 9. b3 {[%emt 0:00:03]} Qd7 {
[%emt 0:00:01]} 10. Bb2 {[%emt 0:00:04]} O-O-O {[%emt 0:00:07]} 11. Ne4 {[%emt
0:00:05]} Bh3 {[%emt 0:00:10]} 12. Qd2 {[%emt 0:00:20]} Ngxe5 {[%emt 0:00:06]}
13. Nxe5 {[%emt 0:00:02]} Nxe5 {[%emt 0:00:01]} 14. Rfd1 {[%emt 0:00:13]} c5 {
[%emt 0:00:04]} 15. Rac1 {[%emt 0:00:09]} h5 {[%emt 0:00:01]} 16. b4 {[%emt 0:
00:03]} Bxg2 {[%emt 0:00:01]} 17. Kxg2 {[%emt 0:00:02]} h4 {[%emt 0:00:01]} 18.
Nxc5 {[%emt 0:00:04]} Bxc5 {[%emt 0:00:02]} 19. bxc5 {[%emt 0:00:03]} hxg3 {
[%emt 0:00:01]} 20. Qxd4 {[%emt 0:00:20]} Qh3+ {[%emt 0:00:03] BigBee gibt auf}
0-1

[Event "Villarobledo Online Qualifyer"]
[Site "playchess.com #155672"]
[Date "2009.05.23"]
[Round "8"]
[White "Dominguez"]
[Black "jchess06"]
[Result "1-0"]
[WhiteElo "2128"]
[BlackElo "1814"]
[PlyCount "89"]
[EventDate "2009.05.23"]
[EventType "swiss (blitz)"]

1. e4 {[%emt 0:00:07]} e5 {[%emt 0:00:04]} 2. Nf3 {[%emt 0:00:02]} Nf6 {[%emt
0:00:00]} 3. Nxe5 {[%emt 0:00:04]} d6 {[%emt 0:00:01]} 4. Nf3 {[%emt 0:00:01]}
Nxe4 {[%emt 0:00:01]} 5. Qe2 {[%emt 0:00:01]} Qe7 {[%emt 0:00:05]} 6. d3 {
[%emt 0:00:01]} Nf6 {[%emt 0:00:01]} 7. Bg5 {[%emt 0:00:02]} Qxe2+ {[%emt 0:00:
02]} 8. Bxe2 {[%emt 0:00:01]} Be7 {[%emt 0:00:00]} 9. Nc3 {[%emt 0:00:01]} O-O
{[%emt 0:00:04]} 10. O-O-O {[%emt 0:00:02]} Nc6 {[%emt 0:00:01]} 11. h3 {[%emt
0:00:02]} a6 {[%emt 0:00:01]} 12. Rhe1 {[%emt 0:00:02]} Be6 {[%emt 0:00:01]}
13. d4 {[%emt 0:00:03]} Nd5 {[%emt 0:00:09]} 14. Bxe7 {[%emt 0:00:08]} Ncxe7 {
[%emt 0:00:02]} 15. Nxd5 {[%emt 0:00:03]} Bxd5 {[%emt 0:00:03]} 16. c4 {[%emt
0:00:01]} Bxf3 {[%emt 0:00:04]} 17. Bxf3 {[%emt 0:00:02]} Nc6 {[%emt 0:00:00]}
18. Bxc6 {[%emt 0:00:04]} bxc6 {[%emt 0:00:00]} 19. Re7 {[%emt 0:00:01]} Rac8 {
[%emt 0:00:02]} 20. Rde1 {[%emt 0:00:02]} f6 {[%emt 0:00:01]} 21. Rd7 {[%emt 0:
00:03]} Rf7 {[%emt 0:00:01]} 22. Ree7 {[%emt 0:00:01]} Rxe7 {[%emt 0:00:01]}
23. Rxe7 {[%emt 0:00:01]} Kf8 {[%emt 0:00:00]} 24. Re3 {[%emt 0:00:01]} Kf7 {
[%emt 0:00:01]} 25. Ra3 {[%emt 0:00:02]} Ra8 {[%emt 0:00:02]} 26. Kc2 {[%emt 0:
00:03]} Ke6 {[%emt 0:00:00]} 27. Kd3 {[%emt 0:00:02]} Kf5 {[%emt 0:00:01]} 28.
Ra5+ {[%emt 0:00:08]} Ke6 {[%emt 0:00:04]} 29. b4 {[%emt 0:00:04]} Rb8 {[%emt
0:00:03]} 30. Kc3 {[%emt 0:00:02]} Ra8 {[%emt 0:00:01]} 31. b5 {[%emt 0:00:02]}
cxb5 {[%emt 0:00:06]} 32. cxb5 {[%emt 0:00:03]} Kd7 {[%emt 0:00:01]} 33. d5 {
[%emt 0:00:13]} Rb8 {[%emt 0:00:06]} 34. bxa6 {[%emt 0:00:02]} c6 {[%emt 0:00:
01]} 35. a7 {[%emt 0:00:02]} Ra8 {[%emt 0:00:01]} 36. Kc4 {[%emt 0:00:05]} c5 {
[%emt 0:00:02]} 37. Kb5 {[%emt 0:00:04]} Kc7 {[%emt 0:00:01]} 38. Ka6 {[%emt 0:
00:01]} g5 {[%emt 0:00:04]} 39. Rb5 {[%emt 0:00:01]} h5 {[%emt 0:00:13]} 40.
Rb7+ {[%emt 0:00:01]} Kd8 {[%emt 0:00:03]} 41. Rh7 {[%emt 0:00:02]} c4 {[%emt
0:00:01]} 42. Rh8+ {[%emt 0:00:03]} Kd7 {[%emt 0:00:01]} 43. Rxa8 {[%emt 0:00:
01]} c3 {[%emt 0:00:00]} 44. Rh8 {[%emt 0:00:05]} c2 {[%emt 0:00:01]} 45. Rh7+
{[%emt 0:00:01] jchess06 abandonne} 1-0

[Event "Villarobledo Online Qualifyer"]
[Site "playchess.com #155672"]
[Date "2009.05.23"]
[Round "8"]
[White "-st!er-"]
[Black "The bluff"]
[Result "0-1"]
[WhiteElo "2783"]
[BlackElo "2221"]
[PlyCount "62"]
[EventDate "2009.05.23"]
[EventType "swiss (blitz)"]

1. d4 {[%emt 0:00:03]} Nf6 {[%emt 0:00:02]} 2. c4 {[%emt 0:00:01]} c5 {[%emt 0:
00:01]} 3. d5 {[%emt 0:00:01]} d6 {[%emt 0:00:01]} 4. Nc3 {[%emt 0:00:02]} g6 {
[%emt 0:00:01]} 5. e4 {[%emt 0:00:00]} b5 {[%emt 0:00:01]} 6. cxb5 {[%emt 0:00:
01]} Bg7 {[%emt 0:00:01]} 7. a4 {[%emt 0:00:01]} O-O {[%emt 0:00:01]} 8. Nf3 {
[%emt 0:00:00]} a6 {[%emt 0:00:01]} 9. Ra3 {[%emt 0:00:01]} axb5 {[%emt 0:00:
03]} 10. Bxb5 {[%emt 0:00:01]} Na6 {[%emt 0:00:03]} 11. O-O {[%emt 0:00:01]}
Nb4 {[%emt 0:00:01]} 12. Re1 {[%emt 0:00:04]} Nd7 {[%emt 0:00:02]} 13. Bf4 {
[%emt 0:00:02]} Ba6 {[%emt 0:00:04]} 14. e5 {[%emt 0:00:11]} Bxb5 {[%emt 0:00:
11]} 15. axb5 {[%emt 0:00:00]} Nb6 {[%emt 0:00:11]} 16. Rxa8 {[%emt 0:00:08]}
Nxa8 {[%emt 0:00:04]} 17. exd6 {[%emt 0:00:01]} exd6 {[%emt 0:00:01]} 18. Ne4 {
[%emt 0:00:01]} Nb6 {[%emt 0:00:30]} 19. Bxd6 {[%emt 0:00:07]} Re8 {[%emt 0:00:
02]} 20. Bxc5 {[%emt 0:00:01]} N6xd5 {[%emt 0:00:03]} 21. Nd4 {[%emt 0:00:06]}
Qc7 {[%emt 0:01:02]} 22. Bxb4 {[%emt 0:00:07]} Nxb4 {[%emt 0:00:03]} 23. Nf6+ {
[%emt 0:00:01]} Bxf6 {[%emt 0:00:02]} 24. Rxe8+ {[%emt 0:00:01]} Kg7 {[%emt 0:
00:00]} 25. Nf3 {[%emt 0:00:03]} Bxb2 {[%emt 0:00:04]} 26. h3 {[%emt 0:00:01]}
Bf6 {[%emt 0:00:02]} 27. Re4 {[%emt 0:00:03]} Qc5 {[%emt 0:00:05]} 28. Qd7 {
[%emt 0:00:09]} Nd5 {[%emt 0:00:16]} 29. g3 {[%emt 0:00:05]} Nc3 {[%emt 0:00:
10]} 30. Re3 {[%emt 0:00:13]} Qxb5 {[%emt 0:00:13]} 31. Kg2 {[%emt 0:00:01]}
Qxd7 {[%emt 0:00:02] -st!er- resigns} 0-1

[Event "Villarobledo Online Qualifyer"]
[Site "playchess.com #155672"]
[Date "2009.05.23"]
[Round "8"]
[White "Torre repetto 2"]
[Black "Ol38130"]
[Result "0-1"]
[WhiteElo "1632"]
[BlackElo "1785"]
[PlyCount "100"]
[EventDate "2009.05.23"]
[EventType "swiss (blitz)"]

1. e4 {[%emt 0:00:02]} c5 {[%emt 0:00:01]} 2. Nf3 {[%emt 0:00:07]} d6 {[%emt 0:
00:01]} 3. d4 {[%emt 0:00:04]} cxd4 {[%emt 0:00:00]} 4. Nxd4 {[%emt 0:00:02]}
Nf6 {[%emt 0:00:00] Ol38130 réclame le gain suite à déconnexion} 5. Nc3 {[%emt
0:00:02]} a6 {[%emt 0:00:01]} 6. Nb3 {[%emt 0:00:01]} Nc6 {[%emt 0:00:03]} 7.
Bd3 {[%emt 0:00:01]} b5 {[%emt 0:00:01]} 8. Be3 {[%emt 0:00:02]} Bb7 {[%emt 0:
00:01]} 9. f3 {[%emt 0:00:02]} Nb4 {[%emt 0:00:03]} 10. O-O {[%emt 0:00:03]}
Nxd3 {[%emt 0:00:01]} 11. cxd3 {[%emt 0:00:01]} e6 {[%emt 0:00:00]} 12. d4 {
[%emt 0:00:01]} Be7 {[%emt 0:00:01]} 13. Qd3 {[%emt 0:00:02]} O-O {[%emt 0:00:
01]} 14. Rac1 {[%emt 0:00:08]} Nd7 {[%emt 0:00:04]} 15. Ne2 {[%emt 0:00:04]}
Rb8 {[%emt 0:00:03]} 16. Ng3 {[%emt 0:00:02]} Nb6 {[%emt 0:00:01]} 17. Nd2 {
[%emt 0:00:03]} Qd7 {[%emt 0:00:02]} 18. b3 {[%emt 0:00:02]} d5 {[%emt 0:00:02]
} 19. e5 {[%emt 0:00:02]} f5 {[%emt 0:00:01]} 20. f4 {[%emt 0:00:02]} Ba3 {
[%emt 0:00:04]} 21. Rc2 {[%emt 0:00:03]} Rbc8 {[%emt 0:00:01]} 22. Nb1 {[%emt
0:00:01]} Rxc2 {[%emt 0:00:02]} 23. Qxc2 {[%emt 0:00:01]} Rc8 {[%emt 0:00:00]}
24. Qd2 {[%emt 0:00:03]} Qe7 {[%emt 0:00:09]} 25. Qa5 {[%emt 0:00:10]} Bb4 {
[%emt 0:00:18]} 26. Qxb6 {[%emt 0:00:03]} Rc6 {[%emt 0:00:02]} 27. Qa7 {[%emt
0:00:05]} Qc7 {[%emt 0:00:01]} 28. Nd2 {[%emt 0:00:10]} Ba5 {[%emt 0:00:02]}
29. Qc5 {[%emt 0:00:42]} Rxc5 {[%emt 0:00:02]} 30. dxc5 {[%emt 0:00:01]} d4 {
[%emt 0:00:02]} 31. Bxd4 {[%emt 0:00:11]} Bxd2 {[%emt 0:00:02]} 32. Rd1 {[%emt
0:00:01]} Bxf4 {[%emt 0:00:01]} 33. Ne2 {[%emt 0:00:01]} Bxe5 {[%emt 0:00:04]}
34. Bxe5 {[%emt 0:00:01]} Qxe5 {[%emt 0:00:00]} 35. Rd8+ {[%emt 0:00:03]} Kf7 {
[%emt 0:00:01]} 36. Rd7+ {[%emt 0:00:01]} Kg6 {[%emt 0:00:06]} 37. Rxb7 {[%emt
0:00:01]} Qxe2 {[%emt 0:00:01]} 38. h3 {[%emt 0:00:01]} Qe1+ {[%emt 0:00:04]}
39. Kh2 {[%emt 0:00:01]} Qe5+ {[%emt 0:00:00]} 40. Kg1 {[%emt 0:00:02]} Qxc5+ {
[%emt 0:00:00]} 41. Kh2 {[%emt 0:00:05]} Qe5+ {[%emt 0:00:00]} 42. Kg1 {[%emt
0:00:01]} Qa1+ {[%emt 0:00:00]} 43. Kh2 {[%emt 0:00:01]} Qxa2 {[%emt 0:00:00]}
44. Rb6 {[%emt 0:00:00]} Qxb3 {[%emt 0:00:01]} 45. Rxe6+ {[%emt 0:00:01]} Kf7 {
[%emt 0:00:01]} 46. Rxa6 {[%emt 0:00:01]} Qc4 {[%emt 0:00:02]} 47. Ra7+ {[%emt
0:00:02]} Kg6 {[%emt 0:00:01]} 48. Ra6+ {[%emt 0:00:01]} Kg5 {[%emt 0:00:01]}
49. Ra1 {[%emt 0:00:08]} b4 {[%emt 0:00:01]} 50. Kg3 {[%emt 0:00:02]} Qf4# {
[%emt 0:00:02]} 0-1

[Event "Villarobledo Online Qualifyer"]
[Site "playchess.com #155672"]
[Date "2009.05.23"]
[Round "8"]
[White "Fotros"]
[Black "The great master"]
[Result "1-0"]
[WhiteElo "1783"]
[BlackElo "1434"]
[PlyCount "35"]
[EventDate "2009.05.23"]
[EventType "swiss (blitz)"]

1. d4 {[%emt 0:00:03]} Nf6 {[%emt 0:00:03]} 2. c4 {[%emt 0:00:02]} e5 {[%emt 0:
00:02]} 3. dxe5 {[%emt 0:00:03]} Ng4 {[%emt 0:00:01]} 4. Bf4 {[%emt 0:00:01]}
Nc6 {[%emt 0:00:03]} 5. Nf3 {[%emt 0:00:02]} Bb4+ {[%emt 0:00:01]} 6. Nbd2 {
[%emt 0:00:02]} Qe7 {[%emt 0:00:03]} 7. a3 {[%emt 0:00:05]} Bxd2+ {[%emt 0:00:
06]} 8. Qxd2 {[%emt 0:00:05]} Ngxe5 {[%emt 0:00:03]} 9. Nxe5 {[%emt 0:00:07]}
Nxe5 {[%emt 0:00:00]} 10. e3 {[%emt 0:00:03]} d6 {[%emt 0:00:02]} 11. Qc3 {
[%emt 0:00:06]} O-O {[%emt 0:00:03]} 12. c5 {[%emt 0:00:06]} Bf5 {[%emt 0:00:
13]} 13. Be2 {[%emt 0:00:19]} Ng6 {[%emt 0:00:22]} 14. Bg3 {[%emt 0:00:38]}
dxc5 {[%emt 0:00:09]} 15. h4 {[%emt 0:00:03]} Rac8 {[%emt 0:00:49]} 16. h5 {
[%emt 0:00:07]} Nh8 {[%emt 0:00:03]} 17. h6 {[%emt 0:00:51]} g6 {[%emt 0:00:07]
} 18. Qg7# {[%emt 0:00:03]} 1-0

[Event "Villarobledo Online Qualifyer"]
[Site "playchess.com #155672"]
[Date "2009.05.23"]
[Round "8"]
[White "Tdurden"]
[Black "Us6"]
[Result "0-1"]
[WhiteElo "2211"]
[BlackElo "2603"]
[PlyCount "56"]
[EventDate "2009.05.23"]
[EventType "swiss (blitz)"]

1. e4 {[%emt 0:00:02]} Nf6 {[%emt 0:00:03]} 2. Nc3 {[%emt 0:00:02]} d5 {[%emt
0:00:01]} 3. exd5 {[%emt 0:00:01]} Nxd5 {[%emt 0:00:01]} 4. Bc4 {[%emt 0:00:01]
} e6 {[%emt 0:00:01]} 5. Nf3 {[%emt 0:00:04]} Be7 {[%emt 0:00:01]} 6. O-O {
[%emt 0:00:04]} O-O {[%emt 0:00:01]} 7. d4 {[%emt 0:00:03]} c6 {[%emt 0:00:04]}
8. Nxd5 {[%emt 0:00:02]} exd5 {[%emt 0:00:01]} 9. Bd3 {[%emt 0:00:01]} Bg4 {
[%emt 0:00:02]} 10. h3 {[%emt 0:00:03]} Bh5 {[%emt 0:00:01]} 11. Bf4 {[%emt 0:
00:01]} Nd7 {[%emt 0:00:02]} 12. Re1 {[%emt 0:00:07]} Nf6 {[%emt 0:00:02]} 13.
Qe2 {[%emt 0:00:09]} Re8 {[%emt 0:00:03]} 14. g4 {[%emt 0:00:05]} Bb4 {[%emt 0:
00:26]} 15. Ne5 {[%emt 0:00:29]} Bxe1 {[%emt 0:00:05]} 16. gxh5 {[%emt 0:00:01]
} Bb4 {[%emt 0:00:02]} 17. h6 {[%emt 0:00:03]} g6 {[%emt 0:00:02]} 18. Bg5 {
[%emt 0:00:08]} Be7 {[%emt 0:00:01]} 19. Qf3 {[%emt 0:00:03]} Rf8 {[%emt 0:00:
07]} 20. h4 {[%emt 0:00:06]} Ne4 {[%emt 0:00:18]} 21. Bxe4 {[%emt 0:00:11]}
Bxg5 {[%emt 0:00:11]} 22. Qg4 {[%emt 0:00:49]} Bxh6 {[%emt 0:00:07]} 23. Bd3 {
[%emt 0:00:14]} Bg7 {[%emt 0:00:06]} 24. f4 {[%emt 0:00:07]} c5 {[%emt 0:00:11]
} 25. c3 {[%emt 0:00:12]} cxd4 {[%emt 0:00:03]} 26. cxd4 {[%emt 0:00:03]} Qb6 {
[%emt 0:00:02]} 27. f5 {[%emt 0:00:02]} Bxe5 {[%emt 0:00:03]} 28. fxg6 {[%emt
0:00:01]} Qxd4+ {[%emt 0:00:02] Tdurden feladja} 0-1

[Event "Villarobledo Online Qualifyer"]
[Site "playchess.com #155672"]
[Date "2009.05.23"]
[Round "8"]
[White "Burim999"]
[Black "Miras"]
[Result "1-0"]
[WhiteElo "1572"]
[BlackElo "1713"]
[PlyCount "91"]
[EventDate "2009.05.23"]
[EventType "swiss (blitz)"]

1. d4 {[%emt 0:00:03]} Nf6 {[%emt 0:00:04]} 2. c4 {[%emt 0:00:01]} e6 {[%emt 0:
00:02]} 3. Nc3 {[%emt 0:00:01]} d5 {[%emt 0:00:03]} 4. e3 {[%emt 0:00:01]} Be7
{[%emt 0:00:04]} 5. Nf3 {[%emt 0:00:02]} O-O {[%emt 0:00:01]} 6. Be2 {[%emt 0:
00:02]} c5 {[%emt 0:00:00]} 7. O-O {[%emt 0:00:01]} Nc6 {[%emt 0:00:00]} 8. a3
{[%emt 0:00:02]} b6 {[%emt 0:00:02]} 9. Bd3 {[%emt 0:00:06]} Bb7 {[%emt 0:00:
02]} 10. Bb1 {[%emt 0:00:02]} dxc4 {[%emt 0:00:13]} 11. Qc2 {[%emt 0:00:09]}
cxd4 {[%emt 0:00:03]} 12. exd4 {[%emt 0:00:02]} Nxd4 {[%emt 0:00:01]} 13. Nxd4
{[%emt 0:00:02]} Qxd4 {[%emt 0:00:00]} 14. Be3 {[%emt 0:00:01]} Qe4 {[%emt 0:
00:06]} 15. Nxe4 {[%emt 0:00:04]} Bxe4 {[%emt 0:00:07]} 16. Qe2 {[%emt 0:00:09]
} Bd5 {[%emt 0:00:07]} 17. Bd4 {[%emt 0:00:02]} Rfd8 {[%emt 0:00:05]} 18. Bxf6
{[%emt 0:00:03]} Bxf6 {[%emt 0:00:00]} 19. Be4 {[%emt 0:00:07]} Bxe4 {[%emt 0:
00:06]} 20. Qxe4 {[%emt 0:00:02]} Bxb2 {[%emt 0:00:00]} 21. Rad1 {[%emt 0:00:
04]} c3 {[%emt 0:00:02]} 22. Qc2 {[%emt 0:00:05]} g6 {[%emt 0:00:04]} 23. Rb1 {
[%emt 0:00:05]} Rd2 {[%emt 0:00:03]} 24. Qxd2 {[%emt 0:00:03]} cxd2 {[%emt 0:
00:02]} 25. Rxb2 {[%emt 0:00:01]} Rd8 {[%emt 0:00:03]} 26. Rd1 {[%emt 0:00:01]}
Rd3 {[%emt 0:00:01]} 27. Rbxd2 {[%emt 0:00:01]} Rxa3 {[%emt 0:00:01]} 28. h3 {
[%emt 0:00:04]} b5 {[%emt 0:00:03]} 29. Rb2 {[%emt 0:00:03]} a6 {[%emt 0:00:03]
} 30. f3 {[%emt 0:00:09]} Kf8 {[%emt 0:00:01]} 31. Rd8+ {[%emt 0:00:02]} Ke7 {
[%emt 0:00:01]} 32. Rb8 {[%emt 0:00:03]} Kd6 {[%emt 0:00:02]} 33. Kh2 {[%emt 0:
00:01]} Kc5 {[%emt 0:00:04]} 34. Rb7 {[%emt 0:00:01]} Kc4 {[%emt 0:00:03]} 35.
Rxf7 {[%emt 0:00:01]} b4 {[%emt 0:00:01]} 36. Rxh7 {[%emt 0:00:01]} b3 {[%emt
0:00:01]} 37. Rc7+ {[%emt 0:00:10]} Kb4 {[%emt 0:00:02]} 38. Rc6 {[%emt 0:00:
04]} a5 {[%emt 0:00:02]} 39. Rxe6 {[%emt 0:00:08]} Ra2 {[%emt 0:00:03]} 40.
Rb6+ {[%emt 0:00:03]} Kc4 {[%emt 0:00:04]} 41. R6xb3 {[%emt 0:00:02]} a4 {
[%emt 0:00:04]} 42. Rb8 {[%emt 0:00:05]} Rxb2 {[%emt 0:00:02]} 43. Rxb2 {[%emt
0:00:02]} a3 {[%emt 0:00:00]} 44. Ra2 {[%emt 0:00:01]} Kc3 {[%emt 0:00:02]} 45.
Rxa3+ {[%emt 0:00:01]} Kb4 {[%emt 0:00:02]} 46. Ra6 {[%emt 0:00:01] Miras
ñäàåòñÿ} 1-0